| 000 | 00680nam a22002297a 4500 | ||
|---|---|---|---|
| 003 | AR-BeUNQ | ||
| 005 | 20240429191110.0 | ||
| 008 | 180424b xxu||||| |||| 00| 0 spa d | ||
| 020 | _a9789500010924 | ||
| 040 |
_aAR-BeUNQ _bspa _eaacr _cAR-BeUNQ |
||
| 082 |
_a570=373 _221 |
||
| 100 |
_aCorbacho, Verónica _eaut |
||
| 245 | _aBiología | ||
| 250 | _a1a.ed. | ||
| 260 |
_aCABA : _bMinisterio de Educación de la Nación, _c2015 |
||
| 300 |
_a212 p. ; _bil. ; _c29 cm. |
||
| 490 | _aQuiero estudiar Fines | ||
| 650 |
_aBiología-Enseñanza _2spines |
||
| 651 |
_aArgentina _2tell |
||
| 929 |
_aDONACION _bMinisterio de Educación de la Nación _j57336 _fPAT0081475 |
||
| 942 |
_cLIB _n0 |
||
| 999 |
_c246 _d246 |
||